Largest Cities in Asia A-Z - Statistics

General Stats
  • This quiz has been taken 181 times
  • The average score is 47 of 78
Answer Stats
Letter Population Answer % Correct
J 29,200,000 Jakarta
98%
T 41,000,000 Tokyo
95%
O 17,700,000 Osaka
94%
D 34,600,000 Delhi
93%
A 9,600,000 Ahmedabad
92%
B 21,200,000 Bangkok
92%
B 21,200,000 Beijing
92%
G 70,100,000 Guăngzhōu
92%
K 17,700,000 Kolkata
92%
M 27,100,000 Mumbai
92%
S 40,800,000 Shanghai
92%
M 27,200,000 Manila
91%
I 15,900,000 Istanbul
90%
K 20,900,000 Karachi
90%
X 12,800,000 Xian
90%
L 14,500,000 Lahore
88%
C 12,600,000 Chennai
87%
H 13,900,000 Ho Chi Minh City
87%
S 25,100,000 Seoul
87%
W 12,200,000 Wuhan
87%
D 22,500,000 Dhaka
86%
C 17,300,000 Chéngdū
85%
R 7,500,000 Riyadh
85%
T 16,500,000 Tehran
85%
B 14,200,000 Bangalore
82%
X 14,900,000 Xiamen
82%
H 11,400,000 Hyderabad
81%
N 10,500,000 Nagoya
80%
A 5,150,000 Ankara
78%
K 9,300,000 Kuala Lumpur
78%
Y 6,150,000 Yangon
78%
N 9,300,000 Nanjing
77%
U 1,550,000 Ulaanbaatar
77%
U 4,850,000 Ürümqi
77%
H 13,900,000 Hángzhōu
75%
T 11,500,000 Tiānjīn
75%
D 5,950,000 Dubai
74%
Q 7,450,000 Qingdao
74%
A 6,000,000 Amman
71%
J 4,400,000 Jaipur
68%
Z 9,800,000 Zhengzhou
67%
P 7,750,000 Pune
66%
F 4,650,000 Fuzhou
63%
P 3,000,000 P'yŏngyang
62%
F 4,050,000 Faisalabad
60%
C 11,000,000 Changsha
54%
F 2,825,000 Fukuoka
54%
I 3,375,000 Isfahan
54%
L 4,125,000 Lucknow
52%
J 6,550,000 Jinan
50%
E 1,190,000 Erbil
47%
R 3,800,000 Rawalpindi
45%
W 5,100,000 Wenzhou
45%
I 3,625,000 Indore
43%
N 7,300,000 Ningbo
43%
S 8,700,000 Shenyang
43%
M 4,200,000 Medan
42%
Q 1,420,000 Qom
42%
Z 3,875,000 Zibo
40%
V 2,400,000 Vadodara
33%
P 2,900,000 Patna
30%
G 5,050,000 Guiyang
28%
V 2,425,000 Visakhapatnam
28%
X 3,075,000 Xuzhou
26%
E 1,160,000 Ezhou
25%
G 3,150,000 Gujranwala
25%
O 1,160,000 Omsk
25%
O 2,175,000 Okayama
22%
U 1,080,000 Ulsan
20%
Y 2,500,000 Yantai
19%
L 4,450,000 Linyi
18%
R 2,150,000 Rajkot
18%
V 2,275,000 Vijayawada
13%
W 3,175,000 Weifang
12%
Z 2,550,000 Zhuhai
8%
Q 1,680,000 Qínhuángdăo
7%
E 789,023 Eskişehir
5%
Y 2,575,000 Yìwū
5%
No matching quizzes found
Score Distribution
Percent of People with Each Score
Percentile by Number Answered
Your Score History
You have not taken this quiz